| 000 | 00454nam a22001697a 4500 | ||
|---|---|---|---|
| 005 | 20251210103847.0 | ||
| 008 | 251210b |||||||| |||| 00| 0 eng d | ||
| 040 | _aMAIN | ||
| 100 | _aJaideep kumar | ||
| 245 | _aLegal anaysis of medical negligence during COVID 19 | ||
| 260 |
_bSouth point collegeof law , sonipat _c2023 |
||
| 300 | _a133 | ||
| 650 | _aLaw | ||
| 650 | _aMedical negligence During COVID 19 | ||
| 700 | _aVinod kumar | ||
| 942 | _cTH | ||
| 999 |
_c394851 _d394851 |
||